El geño de la tinta negra /

Guardado en:
Autor Principal: Canela
Otros Autores: Nobati, Eugenia; il.
Formato: Libro
Publicado: Buenos Aires : La Brujita de Papel, 2014
Materias:
Etiquetas: Agregar Etiqueta
Sin Etiquetas, Sea el primero en etiquetar este registro!
LEADER 01298nam a22003135a 4500
001 CEM.cems015291
005 20191106154658.0
008 130507s2014##################000#0#####d
003 CEMS
020 |a 9789873681127 
082 0 4 |a A868.4 
100 1 |a Canela 
245 1 0 |a El geño de la tinta negra /  |c Canela ; ilustrado Por Eugenia Nobati 
260 |a Buenos Aires :  |b La Brujita de Papel,  |c 2014 
300 |a 32 p. 
653 |a Literatura 
653 |a Literatura argentina 
653 |a Literatura infantil 
653 |a Cuentos infantiles 
653 |a Colección ciencias de la educación 
700 1 |a Nobati, Eugenia; il. 
859 |a CEMS  |b BIB. CEMS - Ccias. Educacion  |h A868.4  |i C162  |k CE  |p 28548.19  |t Ej.1 
859 |a CEMS  |b BIB. CEMS - Ccias. Educacion  |h A868.4  |i C162  |k CE  |p 28563.19  |t Ej.2 
859 |a CEMS  |b BIB. CEMS - Ccias. Educacion  |h A868.4  |i C162  |k CE  |p 28564.19  |t Ej.3 
859 |a CEMS  |b BIB. CEMS - Ccias. Educacion  |h A868.4  |i C162  |k CE  |p 28565.19  |t Ej.4 
859 |a CEMS  |b BIB. CEMS - Ccias. Educacion  |h A868.4  |i C162  |k CE  |p 28566.19  |t Ej.5 
859 |a CEMS  |b BIB. CEMS - Ccias. Educacion  |h A868.4  |i C162  |k CE  |p 28567.19  |t Ej.6 
859 |a CEMS  |b BIB. CEMS - Ccias. Educacion  |h A868.4  |i C162  |k CE  |p 28568.19  |t Ej.7 
859 |a CEMS  |b BIB. CEMS - Ccias. Educacion  |h A868.4  |i C162  |k CE  |p 28569.19  |t Ej.8